000 00747nam a22002177a 4500
999 _c20539
_d20539
003 AR-CdUCM
008 190531b ||||| |||| 00| 0 spa d
040 _aMUNICIPALIDAD PROVINCIAL DEL CUSCO
_cBIBLIOTECA MUNICIPAL DEL CUSCO
082 _a974.02 /
_bB95
100 _aBustos Berrondo, Raúl
_942939
245 _aHernán Cortés :
_buna biografía novelada /
260 _aBuenos Aires :
_bClaridad,
_c1944.
300 _a311 páginas ;
_c20 cm.
440 _aBiblioteca de escritores argentinos
_942940
505 _aContenido: EL joven hidalgo -- Las indias de Colón -- Comienzo de una gran aventura...
650 _aBiografía
_922
650 _aNovela
_95
650 _aEspaña
_9176
942 _2ddc
_cLIBROS
945 _adavv
_d2019-05-31